000 00692nam a2200181 a 4500
001 000047382
005 20201002060518.0
008 180510s19uu dr d r 000 0 spa d
040 _aDO-SdBNP
_bspa
_cBNPHU
082 _a519.53
_bP438m
100 1 _aPérez P., Víctor F.
_970979
245 1 0 _aManual básico de estadística descriptiva /
_cVíctor F. Pérez P.
260 _aSanto Domingo :
_bUniversidad Tecnológica de Santiago (UTESA),
_c[19--].
300 _a126 p. :
_bdiag. ;
_c28 cm.
500 _aDirigido a estudiantes de administracíon, contabilidad, economía, mercadeo, informática, educación y derecho.
504 _aBibliografía : p. 128
590 _aInventariado, 2018/ YL
999 _c46870
_d46870